RIVISTA DI VITA SPIRITUALE. MAGGIO GIUGNO 1997. (Record n. 332872)

Dettagli MARC
000 -LEADER
fixed length control field 01547nas a2200277Ia 4500
001 - CONTROL NUMBER
control field R052-S4619
003 - CONTROL NUMBER IDENTIFIER
control field IT-CnALBA
008 - FIXED-LENGTH DATA ELEMENTS--GENERAL INFORMATION
fixed length control field 170116c99999999xx |||||||||||| ||und||
040 ## - CATALOGING SOURCE
Original cataloging agency IT-CnALBA
Transcribing agency IT-CnALBA
041 ## - LANGUAGE CODE
Language code of text/sound track or separate title ITALIANO
999 ## - SYSTEM CONTROL NUMBERS (KOHA)
Koha Dewey Subclass [OBSOLETE] NO
100 ## - MAIN ENTRY--PERSONAL NAME
Personal name PIGNA P. ARNALDO, OCD.
210 ## - ABBREVIATED TITLE
Abbreviated title RIVISTA DI VITA SPIRITUALE
222 ## - KEY TITLE
Key title RIVISTA DI VITA SPIRITUALE
245 #0 - TITLE STATEMENT
Title RIVISTA DI VITA SPIRITUALE. MAGGIO GIUGNO 1997.
250 ## - EDITION STATEMENT
Edition statement 1a ed.
260 ## - PUBLICATION, DISTRIBUTION, ETC. (IMPRINT)
Place of publication, distribution, etc. ROMA FI
Name of publisher, distributor, etc. OCD. EDIZI. CARMEL. SCALZI
Date of publication, distribution, etc. 1997 [1° Ed.:1997 - Ed.Ling.Originale: 1997]
300 ## - PHYSICAL DESCRIPTION
Extent 108 p.
310 ## - CURRENT PUBLICATION FREQUENCY
Current publication frequency BIMESTRALE
362 ## - DATES OF PUBLICATION AND/OR SEQUENTIAL DESIGNATION
Dates of publication and/or sequential designation Fascicolo: 3 / Anno: 51 (1997)
500 ## - GENERAL NOTE
General note SALVATORI CON GESÙ. ANNUNCIO DI GESÙ CRISTO SIGNORE. MARIACHER NOEMI M. INABILITAZIONE DIVINA NELL'ESPERIENZA MISTICA DEL CARMELO. S. GIUSEPPE CUSTODE E PADRE DEI VERGINI. CABRA P. G. ITINERARIO SPIRITUALE CON PARTENZA ICONE. MORETTI R. EMINENTE CONOSCENZA DELLE REALTÀ DIVINE. IN MARGINE AL DOTTORATO DI TERESA DI LISIEUX. MARIA E IL CARMELO.
501 ## - WITH NOTE
With note Società San Paolo EM - Piazza San Paolo, 14 - 12051 ALBA (CN) (non commercial uses only) ® Copyright 2017
520 ## - SUMMARY, ETC.
Summary, etc. SALVATORI CON GESÙ. ANNUNCIO DI GESÙ CRISTO SIGNORE. MARIACHER NOEMI M. INABILITAZIONE DIVINA NELL'ESPERIENZA MISTICA DEL CARMELO. S. GIUSEPPE CUSTODE E PADRE DEI VERGINI. CABRA P. G. ITINERARIO SPIRITUALE CON PARTENZA ICONE. MORETTI R. EMINENTE CONOSCENZA DELLE REALTÀ DIVINE. IN MARGINE AL DOTTORATO DI TERESA DI LISIEUX. MARIA E IL CARMELO.
650 ## - SUBJECT ADDED ENTRY--TOPICAL TERM
Topical term or geographic name as entry element RIVISTE VARIE
942 ## - ADDED ENTRY ELEMENTS (KOHA)
Koha item type RIVISTA
957 ## -
-- 1
999 ## - SYSTEM CONTROL NUMBERS (KOHA)
-- 1
Dati di copia
Withdrawn status Lost status Damaged status Not for loan Home library Current library Date acquired Total Checkouts Full call number Date last seen Price effective from Koha item type Public note
    Buone Condizioni Not For Loan ALBA - Biblioteca ALBA - Biblioteca 16/01/2017   R052-S4619 16/01/2017 16/01/2017 RIVISTA (data import: 16 gennaio 2017) - By Epidotti, Vaglietti.
CREDITS: SOCIETA' SAN PAOLO Via A.Severo, 58 - ROMA (RM) & PERIODICI SAN PAOLO SRL Via Giotto, 36 MILANO & CISF Via Giotto, 36 MILANO & EDIZIONI SAN PAOLO SRL,  Piazza Soncino, 5 CINISELLO BALSAMO (MI) -- ITALY